00481nam a2200169Ia 4500008004100000020001600041040001900057041001200076082002800088100001900116245006100135260003400196300001900230650002300249651001800272850002100290131103s9999 xx 000 0 und d ao5731105445 aLoreto College aEnglish a822.91/NICbLCLIB/45698 aNichols, Peter aBorn in the gardensb a p-lay in to acts cPeter Nichols aLondonbFaber and faberc1980 a74p.. c 22cm. aEnglish Literature aEnglish drama aLCLIB/821.08/NIC